Open Data Biblioteca Nacional de Portugal


República Portuguesa: Ministério da Cultura
Biblioteca Nacional de Portugal

Catálogo da BNP: acesso por Identificadores Unívocos
Registos Bibliográficos associados ao registo de autoridade

Etiqueta de registo: 00783cam 2200181 450
001 489437
003 http://id.bnportugal.gov.pt/bib/catbnp/489437
005 19990101000000.0
095 ## $aPTBN00692238
100 ## $a19950217d1823 k y0pory0103 ba
101 0# $apor
102 ## $aPT
200 1# $aRequerimento que o Procurador das Camaras e lavradores do Alto Douro fez a Sua Magestade e... foi remetido á... Junta da Administração da Companhia Geral da Agricultura das Vinhas do Alto Douro...$f[Felix Manoel Borges Pinto de Carvalho, João Antonio Frederico Ferro]
210 #9 $aPorto$cTyp. de Viuva Alvarez Ribeiro & Filhos,$d1823
215 ## $a7 p.$d20 cm
700 #1 $aCarvalho,$bFélix Manuel Borges Pinto de,$fca 1821-1856$3117388
701 #1 $aFerro,$bJoão António Frederico,$ffl. 178--$4070$3132727
801 #0 $aPT$bBN$gRPC
856 40 $2Cópia digital disponível na HathiTrust Digital Library $uhttps://babel.hathitrust.org/cgi/pt?id=uc1.31175035129140
966 ## $lBN$mFGMON$sS.C. 10600//26 P.

Etiqueta de registo: 00636cam 2200181 450
001 488427
003 http://id.bnportugal.gov.pt/bib/catbnp/488427
005 19990101000000.0
095 ## $aPTBN00691227
100 ## $a19950214d1823 m y0pory0103 ba
101 0# $apor
102 ## $aPT
200 1# $a [ Regulamento de um método de Provas e de Vendas, compatível com os recíprocos interesses das diferentes classes da Lavoura, do Comércio...]
210 #9 $aPorto$cTyp. de Viuva Alvarez Ribeiro & Filhos,$d1823
215 ## $a12 p.$d19 cm
700 #1 $aCarvalho,$bFélix Manuel Borges Pinto de,$fca 1821-1856$3117388
701 #1 $aFerro,$bJoão António Frederico,$ffl. 178--$4070$3132727
801 #0 $aPT$bBN$gRPC
966 ## $lBN$mFGMON$sS.C. 10600//16 P.
997 ## $aBIBEOD

Etiqueta de registo: 00555cam 2200169 450
001 468266
003 http://id.bnportugal.gov.pt/bib/catbnp/468266
005 19990101000000.0
095 ## $aPTBN00670830
100 ## $a19941114d1856 m y0pory0103 ba
101 0# $apor
102 ## $aPT
200 1# $a O ministro da Fazenda considerado na presença dos seus actos$fFélix Manoel Borges Pinto de Carvalho
210 #9 $aPorto$cTyp. Sebastião José Pereira,$d1856
215 ## $a27 p.$d22 cm
700 #1 $aCarvalho,$bFélix Manuel Borges Pinto de,$fca 1821-1856$3117388
801 #0 $aPT$bBN$gRPC
966 ## $lBN$mFGMON$nEm mau estado$sS.C. 7863//13 V.
997 ## $aBIBEOD

Etiqueta de registo: 00707cam 2200181 450
001 489337
003 http://id.bnportugal.gov.pt/bib/catbnp/489337
005 19990101000000.0
095 ## $aPTBN00692138
100 ## $a19950217d1842 k y0pory0103 ba
101 0# $apor
102 ## $aPT
200 0# $aAnalyse ao parecer e requerimento da Direcção da Associação do Commercio do Porto de 19 de Março de 1842, sobre os meios de remediar os males da agricultura, e commercio dos vinhos do Alto Douro$fpor Felix Manoel Borges Pinto
210 #9 $aPorto$cTyp. de Gandra & Filhos,$d1842
215 ## $a15 p.$d20 cm
500 10 $aAnálise ao parecer e requerimento da Direcção...
700 #1 $aCarvalho,$bFélix Manuel Borges Pinto de,$fca 1821-1856$3117388
801 #0 $aPT$bBN$gRPC
856 40 $2Cópia digital disponível na HathiTrust Digital Library $uhttps://catalog.hathitrust.org/Record/012393931?filter%5B%5D=publishDateTrie%3A%5B%221800%22%20TO%20%221905%22%5D&fqor-language%5B%5D=Portuguese&fqor-format%5B%5D=Book&sort=yearup&ft=ft
966 ## $lBN$mFGMON$sS.C. 10600//3 P.

Etiqueta de registo: 00620cam 2200169 450
001 765616
003 http://id.bnportugal.gov.pt/bib/catbnp/765616
005 19990109000000.0
095 ## $aPTBN00553016
100 ## $a19940226d1821 m a0pory0103 ba
101 0# $apor
102 ## $aPT
200 1# $aMemoria politico economica em que se mostra a necessidade da conservação da Companhia Geral de Agricultura das Vinhas do Alto Douro...$fpor Felix Manoel Borges Pinto de Carvalho
210 #9 $aLisboa$cImprensa Nacional,$d1821
215 ## $a53 p.$c1 f. desdobr.$d22 cm
700 #1 $aCarvalho,$bFélix Manuel Borges Pinto de,$fca 1821-1856$3117388
801 #0 $aPT$bBN$gRPC
856 40 $2Cópia digital disponível na HathiTrust Digital Library $uhttps://catalog.hathitrust.org/Record/012393940?filter%5B%5D=publishDateTrie%3A%5B%221800%22%20TO%20%221905%22%5D&fqor-language%5B%5D=Portuguese&fqor-format%5B%5D=Book&sort=yearup&ft=ft
966 ## $lBN$mFGMON$sS.C. 10528//5 P.

Etiqueta de registo: 00694cam 2200193 450
001 760029
003 http://id.bnportugal.gov.pt/bib/catbnp/760029
005 19990108000000.0
095 ## $aPTBN00547413
100 ## $a19940202d1821 k y0pory0103 ba
101 0# $apor
102 ## $aPT
200 1# $a[Representação pedindo a não extinção da Companhia das Vinhas do Alto Douro por esta constituir um benefício para os lavradores da região]
210 #9 $a[Lisboa]$cOf. da Viuva de Lino da Silva Godinho,$d[1821-1822]
215 ## $a[2] f.$d29 cm
700 #1 $aCarvalho,$bFélix Manuel Borges Pinto de,$fca 1821-1856$3117388
801 #0 $aPT$bBN$gRPC
930 ## $lBN$mAR$dF. 3764$iMicrofilme
966 ## $lBN$mMICROF$nMicrofilme$sF. 3764
966 ## $lBN$mRESIMP$sRES. 2131//25 V.
997 ## $aBIBEOD

Etiqueta de registo: 00669cam 2200181 450
001 178769
003 http://id.bnportugal.gov.pt/bib/catbnp/178769
005 19981127223200.0
095 ## $aPTBN00185914
100 ## $a19960513d1821 km a0pora0103 ba
101 0# $apor
102 ## $aPT
200 1# $aResumo das imperiosas circunstâncias que tornão necessaria a conservação da Companhia Geral da Agricultura das Vinhas do Alto Douro, mais exactamente provadas e especificadas na minha Memória Politica Economica$fFélix Manoel Borges Pinto
210 #9 $aLisboa$cImp. Nac.,$d1821
215 ## $a[4] p.$d29 cm
675 ## $a634.8$vmed$zpor$3290226
700 #1 $aCarvalho,$bFélix Manuel Borges Pinto de,$fca 1821-1856$3117388
801 #0 $aPT$bBN$gRPC
966 ## $lBN$mFGMON$sS.A. 61200 V.
997 ## $aBIBEOD

Etiqueta de registo: 00810cam 02200205 04500
001 184229
003 http://id.bnportugal.gov.pt/bib/catbnp/184229
005 19981128052900.0
095 ## $aPTBN00191428
100 ## $a19960614d1821 km y0pora0103 ba
101 0# $apor
102 ## $aPT
200 0# $aAnalyse em resposta ao informe da commissão do commercio da cidade do Porto sobre a reforma da Companhia Geral da Agricultura das Vinhas do Alto Douro$fpor Félix Manoel Borges Pinto de Carvalho
210 #9 $aLisboa$cTyp. Nova Impressão da Viuva Neves e Filhos,$d1821
215 ## $a59, [1] p.$d20 cm
518 1# $aAnálise em resposta ao informe da comissão do comércio da cidade do Porto..
675 ## $a351.82$vmed$zpor$3290281
675 ## $a663.2$vmed$zpor$3291814
700 #1 $aCarvalho,$bFélix Manuel Borges Pinto de,$fca 1821-1856$3117388
801 #0 $aPT$bBN$gRPC
966 ## $lBN$mFGMON$sS.C. 29912 P.
997 ## $aBIBEOD

Etiqueta de registo: 00623cam 2200193 450
001 184228
003 http://id.bnportugal.gov.pt/bib/catbnp/184228
005 19981128052900.0
095 ## $aPTBN00191427
100 ## $a19960612d1821 km y0pora0103 ba
101 0# $apor
102 ## $aPT
200 1# $aPlano de reforma para a Companhia Geral d'Agricultura das Vinhas do Alto Douro...$fFelix Manoel Borges Pinto
210 #9 $aLisboa$cTip. Nova Impressão da Viuva Neves e Filhos,$d1821
215 ## $a40 p.$d20 cm
675 ## $a351.82$vmed$zpor$3290281
675 ## $a663.2$vmed$zpor$3291814
700 #1 $aCarvalho,$bFélix Manuel Borges Pinto de,$fca 1821-1856$3117388
801 #0 $aPT$bBN$gRPC
856 40 $2Cópia digital disponível na HathiTrust Digital Library $uhttps://catalog.hathitrust.org/Record/012435773?filter%5B%5D=publishDateTrie%3A%5B%221800%22%20TO%20%221905%22%5D&fqor-language%5B%5D=Portuguese&fqor-format%5B%5D=Book&sort=yearup&ft=ft
966 ## $lBN$mFGMON$sS.C. 29911 P.

Etiqueta de registo: 00254nbm 2200025 450
001 2189607
003 http://id.bnportugal.gov.pt/bib/catbnp/2189607
100 ## $a20230410j18400314 y0pory01030103ba
101 0# $apor
102 ## $aPT
105 ## $ay z 000yy
106 ## $ah
200 1# $a [ Carta de Félix Manuel Borges Pinto a António Ribeiro Saraiva, Londres]$bManuscrito]
210 #9 $aPeso da Régua,$d14 de Mars de 1840
215 ## $a[1] f. dobr.$d23 cm
300 ## $aAutógrafo assinado
303 ## $aData com base em carimbo: 25MY25 1840
304 ## $aNo sobrescrito, ao cuidado de James Guick, London
317 ## $aIntegra o Arquivo António Ribeiro Saraiva (com documentação de tipologia diversa: correspondência política, copiadores de correspondência, obras literárias, contas, etc., com descrição acessível no catálogo abrangendo as cotas compreendidas entre MSS. 99 e MSS. 135)
317 ## $aÀ data da morte de António Ribeiro Saraiva (1890) houve a intenção, que se concretizaria em pleno apenas quase um século depois, de adquirir para o Estado Português o seu arquivo pessoal. Gabriel Pereira (1847-1911) foi enviado a Londres para avaliar o legado, tendo recomendado a sua aquisição. Todo o acervo, acondicionado em 36 unidades de instalação ou caixas, deu entrada (em Agosto de 1912) na Biblioteca Nacional sob supervisão de Júlio Dantas (1876-1962), então inspector das Bibliotecas Eruditas e Arquivos
321 ## $aReferido em: Mónica, Maria Teresa - António Ribeiro Saraiva. Beira Alta: Revista Trimestral para a publicação de documentos e estudos relativos às terras da Beira Alta. Viseu. V. XLIX, fasc. 1-2 (1990), p. 176
321 1# $aMónica, Maria Teresa - Errâncias miguelistas (1834-1843). - Lisboa: Cosmos,1997
700 #1 $aCarvalho,$bFélix Manuel Borges Pinto de,$fca 1821-1856$3117388
702 #1 $aSaraiva,$bAntónio Ribeiro,$f1800-1890$4660$371241
801 #0 $aPT$bBN$gRPC
966 ## $lBN$mRESMAN$sMSS. 99, n. 79$x2
971 ## $cagraca$d20241009

Etiqueta de registo: 00254nbm 2200025 450
001 2198404
003 http://id.bnportugal.gov.pt/bib/catbnp/2198404
100 ## $a20230410j18391109 y0pory01030103ba
101 0# $apor
102 ## $aPT
105 ## $ay z 000yy
106 ## $ah
200 1# $a [ Carta de Félix Manuel Borges Pinto a António Ribeiro Saraiva, Londres, a propósito de fornecimento de vinhos]$bManuscrito]
210 #1 $aPeso da Régua,$d9 de Novembro de 1839
215 ## $a[1] f. dobr.$d24 cm
300 ## $aAutógrafo assinado: 'Pinto'
303 ## $aNo sobrescrito, carimbo de: London. 26 Nov. 1839
317 ## $aIntegra o Arquivo António Ribeiro Saraiva (com documentação de tipologia diversa: correspondência política, copiadores de correspondência, obras literárias, contas, etc., com descrição acessível no catálogo abrangendo as cotas compreendidas entre MSS. 99 e MSS. 135)
317 ## $aÀ data da morte de António Ribeiro Saraiva (1890) houve a intenção, que se concretizaria em pleno apenas quase um século depois, de adquirir para o Estado Português o seu arquivo pessoal. Gabriel Pereira (1847-1911) foi enviado a Londres para avaliar o legado, tendo recomendado a sua aquisição. Todo o acervo, acondicionado em 36 unidades de instalação ou caixas, deu entrada (em Agosto de 1912) na Biblioteca Nacional sob supervisão de Júlio Dantas (1876-1962), então inspector das Bibliotecas Eruditas e Arquivos
321 ## $aReferido em: Mónica, Maria Teresa - António Ribeiro Saraiva. Beira Alta: Revista Trimestral para a publicação de documentos e estudos relativos às terras da Beira Alta. Viseu. V. XLIX, fasc. 1-2 (1990), p. 176
321 1# $aMónica, Maria Teresa - Errâncias miguelistas (1834-1843). - Lisboa: Cosmos,1997
700 #1 $aCarvalho,$bFélix Manuel Borges Pinto de,$fca 1821-1856$3117388
702 #1 $aSaraiva,$bAntónio Ribeiro,$f1800-1890$4660$371241
801 #0 $aPT$bBN$gRPC
966 ## $lBN$mRESMAN$sMSS. 99, n. 175$x2
971 ## $cagraca$d20241202
972 ## $e0$z0$d20250227$vanacris

Etiqueta de registo: 00254nbm 2200025 450
001 2288007
003 http://id.bnportugal.gov.pt/bib/catbnp/2288007
100 ## $a20260616d1841 k y0pory01030103ba
101 0# $apor
102 ## $aPT
105 ## $ay z 000yy
106 ## $ah
200 1# $a [ Carta de Félix Manuel Borges Pinto a António Ribeiro Saraiva sobre a venda de vinho do Porto em Inglaterra]$bManuscrito]
210 #1 $aLamego$d12 de Janeiro de 1841
215 ## $a[2] f.$d26 cm
300 ## $aOriginal assinado
317 ## $aIntegra o Arquivo António Ribeiro Saraiva (com documentação de tipologia diversa: correspondência política, copiadores de correspondência, obras literárias, contas, etc., com descrição acessível no catálogo abrangendo as cotas compreendidas entre MSS. 99 e MSS. 135)
317 ## $aÀ data da morte de António Ribeiro Saraiva (1890) houve a intenção, que se concretizaria em pleno apenas quase um século depois, de adquirir para o Estado Português o seu arquivo pessoal. Gabriel Pereira (1847-1911) foi enviado a Londres para avaliar o legado, tendo recomendado a sua aquisição. Todo o acervo, acondicionado em 36 unidades de instalação ou caixas, deu entrada (em Agosto de 1912) na Biblioteca Nacional sob supervisão de Júlio Dantas (1876-1962), então inspector das Bibliotecas Eruditas e Arquivos
321 1# $aSobre a proveniência deste acervo: Mónica, Maria Teresa - António Ribeiro Saraiva. Beira Alta: Revista Trimestral para a publicação de documentos e estudos relativos às terras da Beira Alta. Viseu. V. XLIX, fasc. 1-2 (1990), p. 176
321 1# $aBrito, Francisco Nogueira de - A colecção de manuscritos de Ribeiro Saraiva. Coimbra: Imp. da Universidade, 1914
321 1# $aGuia Preliminar dos Fundos de Arquivo da Biblioteca Nacional. Lisboa: IBNL, 1994. P. 270-271
321 1# $aInventário do Arquivo Histórico da Biblioteca Nacional : 1796-1950. Lisboa : Biblioteca Nacional, 1996. P. 79, e decretos (no final, em p. inumeradas)
321 1# $aAlvim, João Carlos. - A revolta miguelista contra o cabralismo: cartas de António Ribeiro Saraiva e Cândido Figueiredo e Lima 1844-1851. Lisboa: Assírio e Alvim, 1985
321 1# $aMónica, Maria Teresa. - Errâncias miguelistas (1834-1843). - Lisboa: Cosmos,1997
700 #1 $aCarvalho,$bFélix Manuel Borges Pinto de,$fca 1821-1856$3117388
702 #1 $aSaraiva,$bAntónio Ribeiro,$f1800-1890$4660$371241
801 #0 $aPT$bBN$gRPC
966 ## $lBN$mRESMAN$sMSS. 105, n. 7
971 ## $cmrosario$d20260617

Etiqueta de registo: 00254nbm 2200025 450
001 2289130
003 http://id.bnportugal.gov.pt/bib/catbnp/2289130
100 ## $a20260629d1841 k y0pory01030103ba
101 0# $apor
102 ## $aPT
105 ## $ay z 000yy
106 ## $ah
200 1# $a [ Carta de Félix Manuel Borges Pinto a António Ribeiro Saraiva sobre o comércio de vinho e aguardente]$bManuscrito]
210 #1 $aLamego$d5 de Abril de 1841
215 ## $a[2] f.$d24 cm
300 ## $aAnotação autografa de António Ribeiro Saraiva no verso
300 ## $aOriginal assinado
317 ## $aIntegra o Arquivo António Ribeiro Saraiva (com documentação de tipologia diversa: correspondência política, copiadores de correspondência, obras literárias, contas, etc., com descrição acessível no catálogo abrangendo as cotas compreendidas entre MSS. 99 e MSS. 135)
317 ## $aÀ data da morte de António Ribeiro Saraiva (1890) houve a intenção, que se concretizaria em pleno apenas quase um século depois, de adquirir para o Estado Português o seu arquivo pessoal. Gabriel Pereira (1847-1911) foi enviado a Londres para avaliar o legado, tendo recomendado a sua aquisição. Todo o acervo, acondicionado em 36 unidades de instalação ou caixas, deu entrada (em Agosto de 1912) na Biblioteca Nacional sob supervisão de Júlio Dantas (1876-1962), então inspector das Bibliotecas Eruditas e Arquivos
321 1# $aSobre a proveniência deste acervo: Mónica, Maria Teresa - António Ribeiro Saraiva. Beira Alta: Revista Trimestral para a publicação de documentos e estudos relativos às terras da Beira Alta. Viseu. V. XLIX, fasc. 1-2 (1990), p. 176
321 1# $aBrito, Francisco Nogueira de - A colecção de manuscritos de Ribeiro Saraiva. Coimbra: Imp. da Universidade, 1914
321 1# $aGuia Preliminar dos Fundos de Arquivo da Biblioteca Nacional. Lisboa: IBNL, 1994. P. 270-271
321 1# $aInventário do Arquivo Histórico da Biblioteca Nacional : 1796-1950. Lisboa : Biblioteca Nacional, 1996. P. 79, e decretos (no final, em p. inumeradas)
321 1# $aAlvim, João Carlos. - A revolta miguelista contra o cabralismo: cartas de António Ribeiro Saraiva e Cândido Figueiredo e Lima 1844-1851. Lisboa: Assírio e Alvim, 1985
321 1# $aMónica, Maria Teresa. - Errâncias miguelistas (1834-1843). - Lisboa: Cosmos,1997
700 #1 $aCarvalho,$bFélix Manuel Borges Pinto de,$fca 1821-1856$3117388
702 #1 $aSaraiva,$bAntónio Ribeiro,$f1800-1890$4660$371241
801 #0 $aPT$bBN$gRPC
966 ## $lBN$mRESMAN$sMSS. 105, n. 55
971 ## $cmrosario$d20260629

OpendataBNP@bnportugal.pt | Mais informação sobre acesso aos dados BNP